Tuyển tập những bài toán sơ cấp; T3 Hình học

Uloženo v:
Podrobná bibliografie
Hlavní autor: Phan Đức Chính
Médium: Kniha
Jazyk:Undetermined
Vydáno: Hà Nội ĐH và THCN 1976
Témata:
Tagy: Přidat tag
Žádné tagy, Buďte první, kdo otaguje tento záznam!
Thư viện lưu trữ: Trung tâm Học liệu Trường Đại học Cần Thơ
LEADER 00546nam a2200181Ia 4500
001 CTU_1096
008 210402s9999 xx 000 0 und d
082 |a 510.076 
082 |b Ch312/T3 
100 |a Phan Đức Chính 
245 0 |a Tuyển tập những bài toán sơ cấp; T3 
245 0 |b Hình học 
245 0 |c Phan Đức Chính, Nguyễn Tấn Dương 
260 |a Hà Nội 
260 |b ĐH và THCN 
260 |c 1976 
650 |a geometry 
980 |a Trung tâm Học liệu Trường Đại học Cần Thơ